[Event "SC Gronau 1 - SF Olfen 1"]
[Site "Regionalliga 2016/2017"]
[Date "2017.01.14"]
[Round "5.1"]
[White "Koke, Christoph"]
[Black "Monsma, Menno"]
[Result "1/2-1/2"]
[WhiteElo "2073"]
[BlackElo "2033"]
[PlyCount "43"]
[EventDate "2017.??.??"]
[SourceDate "2016.10.07"]

1. d4 Nf6 2. c4 e6 3. g3 d5 4. Nf3 dxc4 5. Bg2 c5 6. Qa4+ Nc6 7. dxc5 Bd7 8.
Qxc4 Qa5+ 9. Nbd2 Qxc5 10. O-O Be7 11. Qxc5 Bxc5 12. Nb3 Bb6 13. Rd1 Rc8 14.
Bd2 O-O 15. Rac1 Ne4 16. Be1 Rfd8 17. Nh4 Nf6 18. Nc5 Nd4 19. Rxd4 Bxc5 20.
Rdc4 b6 21. b4 Be7 22. Rxc8 1/2-1/2

[Event "SC Gronau 1 - SF Olfen 1"]
[Site "Regionalliga 2016/2017"]
[Date "2017.01.14"]
[Round "5.2"]
[White "Lütkehermölle, Martin"]
[Black "Bösel, Alexander"]
[Result "0-1"]
[WhiteElo "1973"]
[BlackElo "1918"]
[PlyCount "96"]
[EventDate "2017.??.??"]
[SourceDate "2016.10.07"]

1. e4 c5 2. Nf3 d6 3. d4 cxd4 4. Nxd4 Nf6 5. Nc3 a6 6. Be2 e5 7. Nb3 Be6 8. f4
Qc7 9. O-O Be7 10. Kh1 Nbd7 11. f5 Bc4 12. a4 Rc8 13. a5 Qc6 14. Bxc4 Qxc4 15.
Ra4 Qc6 16. Qf3 h5 17. Be3 Ng4 18. Bc1 Ndf6 19. h3 b5 20. axb6 Qxb6 21. Qe2 Ra8
22. g3 h4 23. Kg2 hxg3 24. Kxg3 Nh6 25. Be3 Qb7 26. Qf3 Nhg8 27. Rg1 Kf8 28.
Rga1 g6 29. Rf1 Qd7 30. Nd2 Rh5 31. Kg2 d5 32. exd5 Rxf5 33. Qe2 Nxd5 34. Rc4
Nxe3+ 35. Qxe3 Bg5 36. Qc5+ Ne7 37. Rxf5 Qxf5 38. Nde4 Rd8 39. Qb6 Nd5 40. Nxd5
Rxd5 41. Qxa6 Kg7 42. Qc8 Qf4 43. Qg4 Qe3 44. Rc3 Qe1 45. Rf3 Bf4 46. Rxf4 exf4
47. Qf3 Rd1 48. Qxf4 Qg1+ 0-1

[Event "SC Gronau 1 - SF Olfen 1"]
[Site "Regionalliga 2016/2017"]
[Date "2017.01.14"]
[Round "5.3"]
[White "Grawunder, Jürgen"]
[Black "Langendijk, Andre"]
[Result "0-1"]
[WhiteElo "1954"]
[BlackElo "1939"]
[PlyCount "74"]
[EventDate "2017.??.??"]
[SourceDate "2016.10.07"]

1. e4 c5 2. Nf3 e6 3. d3 d5 4. Nbd2 Nc6 5. c3 Nf6 6. Be2 Be7 7. Qc2 O-O 8. O-O
b5 9. a4 b4 10. c4 dxe4 11. Nxe4 Bb7 12. Be3 Qb6 13. b3 Rad8 14. Rad1 h6 15. h3
Nd4 16. Bxd4 cxd4 17. Nfd2 Rd7 18. Nxf6+ Bxf6 19. Ne4 Be5 20. Bf3 Bb8 21. Qe2
Qc7 22. g3 f5 23. Nd2 Rf6 24. Rde1 Re7 25. Bxb7 Qxb7 26. Nf3 f4 27. g4 Qc7 28.
Qe4 Rd7 29. Re2 e5 30. Rfe1 Re6 31. Kg2 Rde7 32. Nxd4 exd4 33. Qd5 f3+ 34. Kxf3
Rf7+ 35. Kg2 Qh2+ 36. Kf1 Qxh3+ 37. Qg2 Qxd3 0-1

[Event "SC Gronau 1 - SF Olfen 1"]
[Site "Regionalliga 2016/2017"]
[Date "2017.01.14"]
[Round "5.4"]
[White "Storck, Martin"]
[Black "Preuß, Richard"]
[Result "1-0"]
[WhiteElo "1931"]
[BlackElo "1748"]
[PlyCount "49"]
[EventDate "2017.??.??"]
[SourceDate "2016.10.07"]

1. c4 e6 2. Nc3 d5 3. d4 Nf6 4. Nf3 c6 5. Bg5 Be7 6. Qc2 Nbd7 7. e3 O-O 8. Be2
dxc4 9. Bxc4 h6 10. Bxf6 Nxf6 11. O-O b5 12. Be2 a6 13. Ne5 Qb6 14. Ne4 Nd5 15.
Nxc6 Bb7 16. Nxe7+ Nxe7 17. Qc5 Nd5 18. Rac1 Rfd8 19. Qxb6 Nxb6 20. Nc5 Bd5 21.
b3 Rdc8 22. e4 Bc6 23. Bf3 Kf8 24. Rfd1 Rd8 25. Nxe6+ 1-0

[Event "SC Gronau 1 - SF Olfen 1"]
[Site "Regionalliga 2016/2017"]
[Date "2017.01.14"]
[Round "5.5"]
[White "Pinno, Gregor"]
[Black "Reinhold, Klaus"]
[Result "1/2-1/2"]
[WhiteElo "1784"]
[BlackElo "1894"]
[PlyCount "134"]
[EventDate "2017.??.??"]
[SourceDate "2016.10.07"]

1. Nf3 d5 2. g3 Nf6 3. Bg2 Bf5 4. O-O e6 5. d3 Be7 6. Nbd2 Nbd7 7. Qe1 Bg6 8.
e4 O-O 9. e5 Ne8 10. Qe2 c5 11. Re1 Nc7 12. Nf1 f6 13. exf6 Bxf6 14. c4 Re8 15.
Ne3 Bf7 16. Ng4 Bh5 17. h3 Bxg4 18. hxg4 g6 19. g5 Bg7 20. Nh2 Rb8 21. Ng4 Bd4
22. Be3 Bxe3 23. Qxe3 b5 24. d4 cxd4 25. Nh6+ Kg7 26. Qxd4+ e5 27. Qxa7 bxc4
28. Rad1 Nb5 29. Qe3 d4 30. Qf3 Qxg5 31. Qf7+ Kxh6 32. Qxd7 Qe7 33. Qh3+ Kg7
34. a4 Nd6 35. Rd2 Nf5 36. Bc6 Rec8 37. Bb5 d3 38. b3 Qb4 39. Red1 Qxb3 40. g4
Nd4 41. Qe3 Rxb5 42. axb5 Qxb5 43. Ra2 Rc7 44. Rda1 Nb3 45. Ra7 Rf7 46. Rxf7+
Kxf7 47. Ra7+ Ke6 48. Qf3 Nc5 49. Qf7+ Kd6 50. Qc7+ Kd5 51. Qd8+ Ke4 52. Ra5
Qc6 53. Ra1 Qd5 54. Re1+ Kd4 55. Qg5 c3 56. Qe3+ Kc4 57. Rc1 Qd4 58. Qf3 Qf4
59. Qd1 Ne4 60. Qa4+ Kc5 61. Qa5+ Kd6 62. Qb6+ Ke7 63. Qc7+ Kf8 64. Qd8+ Kg7
65. Qe7+ Kg8 66. Qd8+ Kg7 67. Qe7+ Kg8 1/2-1/2

[Event "SC Gronau 1 - SF Olfen 1"]
[Site "Regionalliga 2016/2017"]
[Date "2017.01.14"]
[Round "5.6"]
[White "Hoge, Torsten"]
[Black "Boenigk, Winfried"]
[Result "0-1"]
[WhiteElo "1899"]
[BlackElo "1716"]
[PlyCount "91"]
[EventDate "2017.??.??"]
[SourceDate "2016.10.07"]

1. c4 Nf6 2. Nc3 g6 3. g3 Bg7 4. Bg2 e5 5. Nf3 Nc6 6. O-O d6 7. d3 O-O 8. Rb1
h6 9. b4 a6 10. a4 a5 11. b5 Ne7 12. Bd2 Nd7 13. Ne1 Rb8 14. e4 b6 15. Nd5 Nc5
16. Be3 f5 17. f4 exf4 18. gxf4 Nxd5 19. exd5 Re8 20. Bf2 Qe7 21. Bf3 Bd7 22.
Ng2 Bf6 23. Qc2 Qg7 24. Rbe1 Bd4 25. Ne3 Re7 26. Kh1 Rbe8 27. Ng2 Bxf2 28. Rxe7
Rxe7 29. Rxf2 Qd4 30. Rd2 g5 31. h3 g4 32. hxg4 fxg4 33. Be4 Nxe4 34. dxe4 Qxe4
35. Qc3 Qf3 36. Rd3 Re1+ 37. Qxe1 Qxd3 38. Qe7 Qh3+ 39. Kg1 g3 40. Qh4 Qxh4 41.
Nxh4 Bg4 42. Kg2 Be2 43. Kxg3 Bxc4 44. Nf5 Kf8 45. Ne3 Bb3 46. Kg4 0-1

[Event "SC Gronau 1 - SF Olfen 1"]
[Site "Regionalliga 2016/2017"]
[Date "2017.01.14"]
[Round "5.7"]
[White "Limberg, Johannes"]
[Black "Reckzügel, Philipp"]
[Result "0-1"]
[WhiteElo "1599"]
[BlackElo "1914"]
[PlyCount "72"]
[EventDate "2017.??.??"]
[SourceDate "2016.10.07"]

1. e4 c5 2. Nf3 d6 3. d4 cxd4 4. Nxd4 Nf6 5. Nc3 a6 6. Be2 e5 7. Nb3 Nc6 8. Bg5
Be7 9. O-O Be6 10. Qd2 O-O 11. Rad1 Bxb3 12. axb3 Nd4 13. Bxf6 Bxf6 14. Nd5 Bg5
15. f4 Rc8 16. Bd3 exf4 17. Nxf4 Qb6 18. Nd5 Nf3+ 19. Kh1 Nxd2 20. Nxb6 Nxf1
21. Rxf1 Rc6 22. Nd5 Re8 23. g3 Re5 24. h4 Bd8 25. Kg2 g6 26. Ne3 Kg7 27. Ng4
Ra5 28. Rf2 Ra2 29. c3 h5 30. Nh2 Bb6 31. Re2 Rc7 32. Nf3 Re7 33. Bc4 f5 34.
Ng5 Re5 35. Bd5 fxe4 36. Bxe4 d5 0-1

[Event "SC Gronau 1 - SF Olfen 1"]
[Site "Regionalliga 2016/2017"]
[Date "2017.01.14"]
[Round "5.8"]
[White "Tsoukkerman, Boris"]
[Black "Pago, Tobias"]
[Result "1/2-1/2"]
[WhiteElo "1917"]
[BlackElo "1617"]
[PlyCount "78"]
[EventDate "2017.??.??"]
[SourceDate "2016.10.07"]

1. Nf3 d5 2. g3 Nf6 3. Bg2 e6 4. c4 c6 5. d4 Nbd7 6. O-O Be7 7. Nbd2 O-O 8. b3
b6 9. Bb2 Bb7 10. a3 a5 11. Re1 Re8 12. Ne5 c5 13. e4 dxe4 14. Nxe4 Nxe4 15.
Bxe4 Bxe4 16. Rxe4 Nf6 17. Nc6 Qc7 18. Nxe7+ Rxe7 19. Rf4 Rd8 20. d5 Ne8 21.
Qh5 exd5 22. cxd5 Qd7 23. Rd1 Qd6 24. Rg4 Rdd7 25. f4 Re3 26. Be5 Qf8 27. Rh4
h6 28. Qg4 f5 29. Qg6 Qf7 30. Rxh6 Qxg6 31. Rxg6 Rxb3 32. a4 Rb4 33. Rc6 Kf7
34. d6 g6 35. Rc7 Ke6 36. Re1 Rxa4 37. Rc8 Kf7 38. Rc7 Ke6 39. Rc8 Kf7 1/2-1/2

[Event "SK Dülmen 1 - SG Turm Raesfeld/Erle 1"]
[Site "Regionalliga 2016/2017"]
[Date "2017.01.14"]
[Round "5.1"]
[White "Wilger, Frank"]
[Black "Eiersbrock, Robin"]
[Result "1-0"]
[WhiteElo "2063"]
[BlackElo "2003"]
[PlyCount "85"]
[EventDate "2017.??.??"]
[SourceDate "2016.10.07"]

1. d4 Nf6 2. Nf3 g6 3. g3 Bg7 4. Bg2 O-O 5. O-O d5 6. b3 Bf5 7. Bb2 c6 8. Nbd2
Re8 9. Nh4 Bg4 10. h3 Bc8 11. e4 Nxe4 12. Nxe4 dxe4 13. Bxe4 Bxh3 14. Re1 Nd7
15. Kh2 Be6 16. Bg2 Nf6 17. Rxe6 fxe6 18. Bh3 e5 19. Be6+ Kh8 20. Nf3 Ng8 21.
Ng5 Nh6 22. dxe5 Qxd1 23. Rxd1 Rad8 24. Rd3 Rxd3 25. cxd3 b5 26. d4 Rd8 27. g4
Bf8 28. b4 Rb8 29. Kg3 Ng8 30. f4 h6 31. Ne4 Kg7 32. Nc5 g5 33. f5 Kh7 34. a3
Kh8 35. Bd7 a5 36. bxa5 e6 37. Nxe6 Bxa3 38. Bxa3 b4 39. Bb2 Ra8 40. f6 Nxf6
41. exf6 Kg8 42. Bxc6 Rxa5 43. Be8 1-0

[Event "SK Dülmen 1 - SG Turm Raesfeld/Erle 1"]
[Site "Regionalliga 2016/2017"]
[Date "2017.01.14"]
[Round "5.2"]
[White "Grund, Wolfgang"]
[Black "Greifenberg, Daniel"]
[Result "1-0"]
[WhiteElo "1898"]
[BlackElo "2019"]
[PlyCount "137"]
[EventDate "2017.??.??"]
[SourceDate "2016.10.07"]

1. e4 c6 2. d4 d5 3. exd5 cxd5 4. Bd3 Nf6 5. Nf3 Bg4 6. O-O Nc6 7. c3 e6 8. Re1
Be7 9. Bf4 O-O 10. Nbd2 a6 11. Nf1 b5 12. Ng3 b4 13. h3 Bh5 14. Bxh7+ Nxh7 15.
Nxh5 bxc3 16. bxc3 Qa5 17. Re3 Rfc8 18. Qd3 Ra7 19. Qe2 g6 20. Ng3 Kg7 21. Re1
Rb7 22. h4 Qd8 23. Qxa6 Ra7 24. Qe2 Bxh4 25. Nf1 Rca8 26. Ra1 Bf6 27. Rd3 Ra4
28. Ne5 Nxe5 29. Bxe5 Qa5 30. Rh3 Rh8 31. Rf3 Bxe5 32. Qxe5+ Kg8 33. Rxf7 Kxf7
34. Qxh8 Nf6 35. Rb1 Qc7 36. Rb8 Qe7 37. Qc8 Rc4 38. Qa6 Rxc3 39. Rb7 Rc7 40.
Rxc7 Qxc7 41. f3 e5 42. dxe5 Qxe5 43. Qa7+ Kf8 44. Qc5+ Kf7 45. a4 Nd7 46. Qa7
Ke6 47. a5 d4 48. Qa6+ Qd6 49. Qd3 Ne5 50. Qb3+ Qd5 51. Nd2 Qxb3 52. Nxb3 Kd5
53. a6 Nd7 54. a7 Nb6 55. Kf1 Kc4 56. Nd2+ Kb5 57. Ke2 Ka6 58. Nc4 Kxa7 59. Kd3
Nd7 60. Kxd4 Kb7 61. Kd5 Kc7 62. Ne5 Nf8 63. g4 Kd8 64. Kd6 Ke8 65. f4 Kd8 66.
Nf7+ Ke8 67. Ng5 Nd7 68. Ke6 Nc5+ 69. Kf6 1-0

[Event "SK Dülmen 1 - SG Turm Raesfeld/Erle 1"]
[Site "Regionalliga 2016/2017"]
[Date "2017.01.14"]
[Round "5.3"]
[White "Gesing, Felix"]
[Black "Rebber, Christian"]
[Result "1-0"]
[WhiteElo "1960"]
[BlackElo "1898"]
[PlyCount "33"]
[EventDate "2017.??.??"]
[SourceDate "2016.10.07"]

1. d4 d5 2. Nf3 Nf6 3. e3 e6 4. Bd3 Be7 5. O-O O-O 6. Nbd2 b6 7. Ne5 Bb7 8. f4
Nbd7 9. Qf3 g6 10. b3 Ne8 11. Bb2 Nd6 12. Qg3 Nf5 13. Qh3 f6 14. Nxd7 Qxd7 15.
g4 Nd6 16. f5 g5 17. fxe6 1-0

[Event "SK Dülmen 1 - SG Turm Raesfeld/Erle 1"]
[Site "Regionalliga 2016/2017"]
[Date "2017.01.14"]
[Round "5.4"]
[White "Schlütermann, Philipp"]
[Black "Brömmel, Rudolf"]
[Result "1-0"]
[WhiteElo "1808"]
[BlackElo "1929"]
[PlyCount "83"]
[EventDate "2017.??.??"]
[SourceDate "2016.10.07"]

1. Nf3 Nc6 2. d4 d5 3. g3 g6 4. Bg2 Bg7 5. O-O e6 6. b3 Nge7 7. Bb2 Nf5 8. e3
O-O 9. c4 Nce7 10. Nc3 b6 11. cxd5 exd5 12. Qe2 Nd6 13. Ne5 Bb7 14. Nd3 Ne4 15.
Rfc1 Re8 16. Rc2 Nf5 17. Qd1 Nfd6 18. Rac1 Rc8 19. Nb4 Nxc3 20. Bxc3 Ne4 21.
Bh3 f5 22. Bb2 Bf8 23. Nc6 Bxc6 24. Rxc6 Bd6 25. Qd3 Qd7 26. Qc2 Rcd8 27. Qe2
Qf7 28. R1c2 a5 29. Bg2 Rd7 30. Qd1 Ra8 31. a4 Rb8 32. Bf1 h5 33. Qc1 Qf8 34.
Bd3 h4 35. gxh4 Rh7 36. f4 Rxh4 37. Bxe4 fxe4 38. Rg2 Kf7 39. Rxc7+ Bxc7 40.
Qxc7+ Kg8 41. Rxg6+ Kh8 42. Ba3 1-0

[Event "SK Dülmen 1 - SG Turm Raesfeld/Erle 1"]
[Site "Regionalliga 2016/2017"]
[Date "2017.01.14"]
[Round "5.5"]
[White "Pollok, Ralf"]
[Black "Mohnke, Martin"]
[Result "1/2-1/2"]
[WhiteElo "1956"]
[BlackElo "1918"]
[PlyCount "32"]
[EventDate "2017.??.??"]
[SourceDate "2016.10.07"]

1. d4 Nf6 2. c4 g6 3. Nc3 Bg7 4. e4 O-O 5. Be2 c6 6. Be3 d5 7. e5 Ne8 8. Qd2
Nc7 9. h4 h5 10. Nh3 dxc4 11. Bxc4 Be6 12. Be2 c5 13. dxc5 Qxd2+ 14. Bxd2 Bxe5
15. Nf4 Nc6 16. Nd3 Bg7 1/2-1/2

[Event "SK Dülmen 1 - SG Turm Raesfeld/Erle 1"]
[Site "Regionalliga 2016/2017"]
[Date "2017.01.14"]
[Round "5.6"]
[White "Lödding, Detlef"]
[Black "Pliete, Christian"]
[Result "1/2-1/2"]
[WhiteElo "1873"]
[BlackElo "1847"]
[PlyCount "58"]
[EventDate "2017.??.??"]
[SourceDate "2016.10.07"]

1. c4 e5 2. e3 Nf6 3. Nc3 d5 4. cxd5 Nxd5 5. Nf3 Nxc3 6. bxc3 Bd6 7. d4 exd4 8.
cxd4 Nc6 9. Bd3 O-O 10. O-O Bg4 11. Bd2 h6 12. Rb1 Rb8 13. Bc3 Re8 14. h3 Bd7
15. e4 Bf4 16. Re1 Qc8 17. Bf1 Ne7 18. h4 Bg4 19. g3 Ng6 20. Bg2 Bd6 21. Qa4 b6
22. Nd2 Bh3 23. Bf3 Bg4 24. Bh1 Bh3 25. e5 Be7 26. d5 Qf5 27. Qe4 Bc5 28. Qxf5
Bxf5 29. Be4 Bxe4 1/2-1/2

[Event "SK Dülmen 1 - SG Turm Raesfeld/Erle 1"]
[Site "Regionalliga 2016/2017"]
[Date "2017.01.14"]
[Round "5.7"]
[White "Bergemann, Martin"]
[Black "Bienhüls, Michael"]
[Result "1/2-1/2"]
[WhiteElo "1900"]
[BlackElo "1674"]
[PlyCount "38"]
[EventDate "2017.??.??"]
[SourceDate "2016.10.07"]

1. d4 c5 2. e3 Nf6 3. Nf3 cxd4 4. exd4 d5 5. c4 e6 6. Nc3 Be7 7. Bd3 dxc4 8.
Bxc4 O-O 9. O-O Nbd7 10. Re1 Nb6 11. Bd3 Nbd5 12. Bg5 h6 13. Bd2 Bd7 14. Rc1
Rc8 15. Qe2 Qb6 16. Nxd5 Nxd5 17. Be3 Nxe3 18. fxe3 Rxc1 19. Rxc1 Rc8 1/2-1/2

[Event "SK Dülmen 1 - SG Turm Raesfeld/Erle 1"]
[Site "Regionalliga 2016/2017"]
[Date "2017.01.14"]
[Round "5.8"]
[White "Döhler, Thorsten"]
[Black "Droste, Laurenz"]
[Result "1-0"]
[WhiteElo "1821"]
[BlackElo "1648"]
[PlyCount "91"]
[EventDate "2017.??.??"]
[SourceDate "2016.10.07"]

1. e4 e6 2. d4 b6 3. Nc3 Bb4 4. a3 Bxc3+ 5. bxc3 Bb7 6. Bd3 Ne7 7. Ne2 O-O 8.
O-O f5 9. f3 Qe8 10. c4 fxe4 11. fxe4 Ng6 12. Nf4 d6 13. Qg4 Nxf4 14. Bxf4 Nd7
15. Bg5 c5 16. d5 exd5 17. exd5 Bc8 18. Qh4 g6 19. Be7 Rf7 20. Rxf7 Qxf7 21.
Bxd6 Qf6 22. Qxf6 Nxf6 23. Re1 Bd7 24. Re7 Re8 25. Rxe8+ Bxe8 26. Bb8 a6 27.
Ba7 Nd7 28. Be2 h5 29. c3 Kg7 30. Bd1 b5 31. cxb5 axb5 32. Be2 c4 33. Bd4+ Kf7
34. Kf2 Ke7 35. a4 Nf6 36. axb5 Bxb5 37. Bxf6+ Kxf6 38. h4 Ke5 39. Bf3 Kf4 40.
g3+ Ke5 41. Ke3 Be8 42. Be4 Bf7 43. d6 Kxd6 44. Kd4 Be8 45. Bd5 Bb5 46. Bf7 1-0

[Event "SK Münster 3 - SC Klein-Berlin Rheine 1"]
[Site "Regionalliga 2016/2017"]
[Date "2017.01.14"]
[Round "5.1"]
[White "Ottens, Stephan"]
[Black "Borrink, Jörn"]
[Result "1/2-1/2"]
[WhiteElo "2120"]
[BlackElo "2098"]
[PlyCount "96"]
[EventDate "2017.??.??"]
[SourceDate "2016.10.07"]

1. e4 e6 2. d4 d5 3. Nd2 Nd7 4. Bd3 c5 5. exd5 exd5 6. c3 cxd4 7. cxd4 Ngf6 8.
Ngf3 Bd6 9. Qe2+ Qe7 10. Qxe7+ Kxe7 11. O-O Nf8 12. Re1+ Ne6 13. Nb1 Rd8 14.
Nc3 Kf8 15. g3 b6 16. Bd2 Bb7 17. Nb5 Be7 18. Rxe6 fxe6 19. Nc7 Rdc8 20. Nxa8
Bxa8 21. Ng5 Ne4 22. Bxe4 dxe4 23. Rc1 Rxc1+ 24. Bxc1 Kg8 25. b3 Bd5 26. h4 a5
27. Bd2 Bd8 28. Kf1 a4 29. bxa4 h6 30. Nh3 Bc4+ 31. Ke1 Kf7 32. a3 Bb3 33. Nf4
Bxa4 34. Bb4 Bf6 35. d5 exd5 36. Nxd5 Bd4 37. Bc3 Bc5 38. Bb4 Bd4 39. Bc3 Bc5
40. Bb4 Ke6 41. Bxc5 bxc5 42. Nc3 Bc6 43. Kd2 Ke5 44. Ke3 Bb7 45. a4 Bc6 46. a5
Bb7 47. Na4 Kd5 48. Nc3+ Ke5 1/2-1/2

[Event "SK Münster 3 - SC Klein-Berlin Rheine 1"]
[Site "Regionalliga 2016/2017"]
[Date "2017.01.14"]
[Round "5.2"]
[White "Baumann, Stephan"]
[Black "Brümmer, Frank"]
[Result "1-0"]
[WhiteElo "2003"]
[BlackElo "2166"]
[PlyCount "115"]
[EventDate "2017.??.??"]
[SourceDate "2016.10.07"]

1. e4 e6 2. b3 d5 3. Bb2 Nf6 4. e5 Nfd7 5. Qg4 c5 6. f4 Nc6 7. Nf3 b6 8. Be2
Qe7 9. Na3 a6 10. O-O f5 11. Qg3 Bb7 12. c3 O-O-O 13. Nc2 Rg8 14. d4 g5 15.
fxg5 h6 16. Bc1 Qh7 17. Qh3 Rg6 18. c4 dxc4 19. Bxc4 b5 20. Bxe6 Rxe6 21. d5
Ree8 22. dxc6 Bxc6 23. Bf4 h5 24. Ne3 Be4 25. a4 Nb6 26. Nh4 Kb7 27. Nexf5 Rd3
28. Ne3 Qg8 29. a5 Nd5 30. Rad1 Nxf4 31. Rxf4 Qxb3 32. Rxd3 Qxd3 33. Rxe4 c4
34. Qf3 Kb8 35. Nf1 Bc5+ 36. Kh1 Qb1 37. e6 c3 38. Qg3+ Kb7 39. Re1 c2 40. Qf3+
Ka7 41. Qe4 Qd1 42. Qc6 Qxe1 43. Qxc5+ Ka8 44. Qc6+ Ka7 45. Qd7+ Kb8 46. Qxe8+
Kc7 47. Qd7+ Kb8 48. Qd6+ Kc8 49. Qxa6+ Kc7 50. Qb6+ Kc8 51. Qc6+ Kb8 52. Qxb5+
Kc7 53. Nf3 Qb1 54. Qc4+ Kd6 55. Qd3+ Kc7 56. N3d2 Qd1 57. Qd7+ Kb8 58. e7 1-0

[Event "SK Münster 3 - SC Klein-Berlin Rheine 1"]
[Site "Regionalliga 2016/2017"]
[Date "2017.01.14"]
[Round "5.3"]
[White "Langhanke, Günther"]
[Black "Rehfeldt, Frank"]
[Result "1/2-1/2"]
[WhiteElo "1942"]
[BlackElo "2113"]
[PlyCount "28"]
[EventDate "2017.??.??"]
[SourceDate "2016.10.07"]

1. e4 c6 2. Nf3 d5 3. exd5 cxd5 4. Ne5 Nc6 5. d4 Nf6 6. Bb5 Qb6 7. c4 Bd7 8.
Nxd7 Nxd7 9. Nc3 Qxd4 10. Nxd5 Qxd1+ 11. Kxd1 O-O-O 12. Bxc6 bxc6 13. Ne3 g6
14. Kc2 Bg7 1/2-1/2

[Event "SK Münster 3 - SC Klein-Berlin Rheine 1"]
[Site "Regionalliga 2016/2017"]
[Date "2017.01.14"]
[Round "5.4"]
[White "Ollech, Dirk"]
[Black "Brümmer, Andreas"]
[Result "1/2-1/2"]
[WhiteElo "1921"]
[BlackElo "1925"]
[PlyCount "41"]
[EventDate "2017.??.??"]
[SourceDate "2016.10.07"]

1. d4 f5 2. Qd3 d5 3. g4 fxg4 4. h3 g3 5. Qxg3 Nf6 6. Nc3 Bf5 7. Bf4 c6 8.
O-O-O g6 9. Qe3 Bg7 10. Nf3 Na6 11. Nh4 Qd7 12. Nxf5 Qxf5 13. Qd2 Nh5 14. Be3
O-O 15. Rg1 Nc7 16. Bg2 e5 17. Bf3 exd4 18. Bxd4 Bxd4 19. Qxd4 Qf4+ 20. Qxf4
Nxf4 21. Rg3 1/2-1/2

[Event "SK Münster 3 - SC Klein-Berlin Rheine 1"]
[Site "Regionalliga 2016/2017"]
[Date "2017.01.14"]
[Round "5.5"]
[White "Langhans, Jörg"]
[Black "Wingenfeld, Klaus"]
[Result "1/2-1/2"]
[WhiteElo "1907"]
[BlackElo "1888"]
[PlyCount "41"]
[EventDate "2017.??.??"]
[SourceDate "2016.10.07"]

1. e4 e6 2. d4 d5 3. Nc3 Bb4 4. exd5 exd5 5. Bd3 Nc6 6. a3 Bxc3+ 7. bxc3 Nge7
8. Qf3 Be6 9. Ne2 Qd7 10. O-O O-O-O 11. Rb1 Bf5 12. Ng3 Bxd3 13. cxd3 f6 14.
Re1 Rde8 15. Bd2 Rhf8 16. Nh5 Ng6 17. Nf4 Nxf4 18. Qxf4 h6 19. h3 Rxe1+ 20.
Rxe1 Re8 21. Rxe8+ 1/2-1/2

[Event "SK Münster 3 - SC Klein-Berlin Rheine 1"]
[Site "Regionalliga 2016/2017"]
[Date "2017.01.14"]
[Round "5.6"]
[White "Meyer, Ulrich"]
[Black "Averkamp-Peters, Jens"]
[Result "1/2-1/2"]
[WhiteElo "1912"]
[BlackElo "1908"]
[PlyCount "73"]
[EventDate "2017.??.??"]
[SourceDate "2016.10.07"]

1. c4 c5 2. Nc3 Nc6 3. g3 Nf6 4. Bg2 g6 5. d3 Bg7 6. e4 O-O 7. Nge2 d6 8. O-O
a6 9. h3 Rb8 10. f4 Nd4 11. Nxd4 cxd4 12. Ne2 e5 13. g4 Nd7 14. Ng3 exf4 15.
Bxf4 Be5 16. Ne2 b5 17. Bh6 Re8 18. Qd2 bxc4 19. dxc4 d3 20. Nc3 Qb6+ 21. Kh1
Qxb2 22. Rac1 Qxd2 23. Bxd2 Rb2 24. Rfd1 Nc5 25. Be3 Bxc3 26. Rxc3 Nxe4 27.
Bxe4 Rxe4 28. Rcxd3 Bb7 29. Kg1 h5 30. Bd4 Rbe2 31. Rb3 Bc8 32. Rb8 Re8 33. Bf6
hxg4 34. hxg4 Bxg4 35. Rxe8+ Rxe8 36. Rxd6 Kh7 37. Rxa6 1/2-1/2

[Event "SK Münster 3 - SC Klein-Berlin Rheine 1"]
[Site "Regionalliga 2016/2017"]
[Date "2017.01.14"]
[Round "5.7"]
[White "Ratert, Matthias"]
[Black "Freise, Eckhard"]
[Result "1/2-1/2"]
[WhiteElo "1864"]
[BlackElo "1785"]
[PlyCount "62"]
[EventDate "2017.??.??"]
[SourceDate "2016.10.07"]

1. e4 e5 2. Nf3 Nc6 3. Bb5 f5 4. d3 fxe4 5. dxe4 Nf6 6. Qe2 Bc5 7. Bg5 d6 8.
Nc3 O-O 9. Bc4+ Kh8 10. Nd5 Bg4 11. c3 Qd7 12. Nxf6 gxf6 13. Bh6 Rfe8 14. h3
Be6 15. Bxe6 Qxe6 16. Nh4 Ne7 17. Qh5 Rg8 18. g4 Qc4 19. O-O-O Qxa2 20. Rhg1
Qa1+ 21. Kc2 Qa4+ 22. Kb1 Qxe4+ 23. Ka1 Qa4+ 24. Kb1 Qb3 25. g5 Ba3 26. Rd2 Nd5
27. g6 Nxc3+ 28. Kc1 Na2+ 29. Kb1 Nc3+ 30. Kc1 Na2+ 31. Kb1 Nc3+ 1/2-1/2

[Event "SK Münster 3 - SC Klein-Berlin Rheine 1"]
[Site "Regionalliga 2016/2017"]
[Date "2017.01.14"]
[Round "5.8"]
[White "Hartmann, Steffen"]
[Black "Hauk, Viktor"]
[Result "1-0"]
[WhiteElo "1887"]
[BlackElo "1809"]
[PlyCount "79"]
[EventDate "2017.??.??"]
[SourceDate "2016.10.07"]

1. e4 c5 2. Nf3 d6 3. Bb5+ Nd7 4. c3 Qa5 5. Ba4 Ngf6 6. d3 b5 7. Bc2 g6 8. O-O
Bg7 9. Re1 O-O 10. Nbd2 Bb7 11. Qe2 Nh5 12. Nb3 Qc7 13. Bg5 e5 14. d4 c4 15.
Nbd2 exd4 16. Nxd4 Ba6 17. Nf5 Bf6 18. Ne7+ Bxe7 19. Bxe7 Rfe8 20. Bg5 Ng7 21.
Qg4 Ne6 22. Bh6 Ne5 23. Qh4 Qe7 24. Qh3 Qf6 25. Qg3 g5 26. f4 Qxh6 27. fxe5
dxe5 28. Nf3 f6 29. Rad1 Rad8 30. h4 Qg6 31. hxg5 Nxg5 32. Nh4 Qh5 33. Rf1 Kf7
34. Rxd8 Rxd8 35. Qf2 Ke8 36. Qxf6 Qxh4 37. Qf8+ Kd7 38. Rd1+ Kc6 39. Rxd8 Nf3+
40. gxf3 1-0

[Event "Südlohner SV 1 - SC Steinfurt 1"]
[Site "Regionalliga 2016/2017"]
[Date "2017.01.14"]
[Round "5.1"]
[White "Haselhorst, Helmut"]
[Black "Kolakovic, Klaudio"]
[Result "1-0"]
[WhiteElo "1973"]
[BlackElo "1983"]
[PlyCount "87"]
[EventDate "2017.??.??"]
[SourceDate "2016.10.07"]

1. e4 c5 2. Nc3 a6 3. g3 Nc6 4. Bg2 d6 5. d3 g6 6. f4 Bg7 7. Nf3 e6 8. O-O Nge7
9. Be3 b6 10. d4 cxd4 11. Nxd4 Bb7 12. f5 Nxd4 13. Bxd4 Bxd4+ 14. Qxd4 e5 15.
Qd2 gxf5 16. exf5 Bxg2 17. Qxg2 f6 18. Rad1 O-O 19. Qd2 d5 20. Nxd5 Qxd5 21.
Qxd5+ Nxd5 22. Rxd5 Kg7 23. Kf2 Rac8 24. c3 Kh6 25. Ke3 Rc6 26. Rd7 Rfc8 27. h4
R8c7 28. Rfd1 Rxd7 29. Rxd7 Kh5 30. Ke4 Kg4 31. Rg7+ Kh3 32. Rxh7 Kxg3 33. h5
Rc4+ 34. Kd5 Rc5+ 35. Ke6 Rc6+ 36. Kd7 Rc5 37. h6 Rc4 38. Rf7 Rh4 39. Rxf6 Kf4
40. Rf8 Rxh6 41. f6 e4 42. f7 Rh7 43. Ke6 e3 44. Re8 1-0

[Event "Südlohner SV 1 - SC Steinfurt 1"]
[Site "Regionalliga 2016/2017"]
[Date "2017.01.14"]
[Round "5.2"]
[White "Völker, Christian"]
[Black "Engels, Natia"]
[Result "1/2-1/2"]
[WhiteElo "2004"]
[BlackElo "2042"]
[PlyCount "85"]
[EventDate "2017.??.??"]
[SourceDate "2016.10.07"]

1. d4 Nf6 2. Bg5 Ne4 3. Bf4 d5 4. f3 Nf6 5. e4 e6 6. e5 Nfd7 7. Be3 c5 8. c3
Nc6 9. f4 Qb6 10. Qd2 f5 11. Nf3 cxd4 12. cxd4 Bb4 13. Nc3 O-O 14. Be2 Na5 15.
O-O Re8 16. b3 Nf8 17. Qb2 Bd7 18. Rfc1 Rac8 19. Ne1 Rxc3 20. Rxc3 Bxc3 21.
Qxc3 Rc8 22. Qd2 Bb5 23. Bxb5 Qxb5 24. Rc1 Rxc1 25. Qxc1 Nc6 26. Qd2 a5 27. Qd3
Qb6 28. Qc3 Nd7 29. Nd3 Kf7 30. Kf2 Qd8 31. g3 Qe7 32. Bc1 Ndb8 33. Nc5 Nb4 34.
a3 Na2 35. Qd2 Nxc1 36. Qxc1 Nc6 37. Qb2 g5 38. Nd3 g4 39. Ke3 h5 40. Qc1 Qd8
41. Nc5 Qb6 42. h3 Ne7 43. h4 1/2-1/2